| 000 | 00794nam a22002297a 4500 | ||
|---|---|---|---|
| 999 |
_c18844 _d18844 |
||
| 003 | AR-CdUCM | ||
| 008 | 190515b ||||| |||| 00| 0 spa d | ||
| 040 |
_aMUNICIPALIDAD PROVINCIAL DEL CUSCO _cBIBLIOTECA MUNICIPAL DEL CUSCO |
||
| 082 |
_a985.009 / _bD63 |
||
| 100 |
_aDeustua Pimentel, Carlos _917511 |
||
| 245 | _aJosé Baquíjano y Carrillo / | ||
| 260 |
_aLima : _c1964. |
||
| 300 |
_a85 páginas ; _bretratos, _c20.5 cm. |
||
| 440 |
_aBiblioteca Hombres del Perú / Primera serie. _939708 |
||
| 505 | _aContenido: Jose Baquijano y Carrillo -- Jose Faustino Sanchez Carrión. | ||
| 650 |
_aBiografías históricas _96252 |
||
| 650 |
_aPerú _935 |
||
| 650 |
_aHistoria _9136 |
||
| 700 |
_aPérez Bonany, Alfonso (coautor) _939709 |
||
| 942 |
_2ddc _cLIBROS |
||
| 945 |
_aachl _d2019-05-15 |
||